| 000 | 00903nam a2200205Ia 4500 | ||
|---|---|---|---|
| 999 |
_c9734 _d9734 |
||
| 005 | 20231012162707.0 | ||
| 008 | 231011s9999 xx 000 0 und d | ||
| 020 | _a950-743-221-3 | ||
| 040 |
_aUPAN _cBiblioteca San Vicente _eRCAA2 |
||
| 041 | _aspa | ||
| 082 |
_a330.3 _bG743d _c2003 |
||
| 100 |
_aGreco, Orlando _4aut. |
||
| 245 | 0 |
_aDiccionario de Economía/ _cOrlando Greco |
|
| 250 | _a2º ed. | ||
| 260 |
_aBuenos Aires: _bValletta, _c2003 |
||
| 300 |
_a491 p.; _c26 cm. |
||
| 505 | _aEs una herrameinta fundamental e indispensable para profesionales, empresas, comerciantes, estudiantes y en general, para todos aquellos vinculados de una u otra forma con el quehacer econòmico, nacional e internacional. Ademàs, contiene un ANEXO totalmente actualizado con informaciòn econòmica y polìtica de todos los paìses del mundo. | ||
| 650 |
_2LEMB _vDiccionario _xEconomía |
||
| 942 |
_cBK _2ddc |
||